[Event "Serpukhov-A"]
[Site "?"]
[Date "2003.??.??"]
[Round "1"]
[White "Kim Alexey"]
[Black "Ovod Evgenija"]
[Result "1-0"]
[WhiteElo "2413"]
[BlackElo "2375"]
[PlyCount "51"]
[EventDate "2003.??.??"]
[Source "www.chesslib.no"]
[SourceDate "2004.05.04"]

1. e4 e5 2. Nf3 Nc6 3. Nc3 Nf6 4. d4 Bb4 5. Nxe5 Bxc3+ 6. bxc3 Qe7 7. Bd3 Nxe5 8. dxe5 Qxe5 9. O-O b6 10. Rb1 Bb7 11. Rb5 c5 12. c4 O-O-O 13. f3 Qe6 14. Rb3 Ne8 15. Bf4 Nc7 16. a4 a5 17. Qd2 Na8 18. Rfb1 d6 19. Rxb6 Nxb6 20. Rxb6 Qe7 21. Qxa5 g5 22. Bxd6 Rxd6 23. Qxc5+ Qc7 24. Qxd6 Qxd6 25. Rxd6 Kc7 26. c5 1-0

[Event "XII Open Neckar"]
[Site "Deizisau GER"]
[Date "2008.03.23"]
[Round "6.14"]
[White "Schneider, Ilja"]
[Black "Pajeken, Wolfgang"]
[Result "1-0"]
[WhiteElo "2436"]
[BlackElo "2351"]
[PlyCount "75"]
[EventDate "2008.03.20"]
[Source "www.chesslib.no"]
[SourceDate "2004.05.04"]

1. e4 e5 2. Nf3 Nc6 3. Nc3 Nf6 4. d4 Bb4 5. Nxe5 Qe7 6. Qd3 Nxd4 7. Qxd4 c5 8. Qe3 Qxe5 9. Bd2 O-O 10. O-O-O Re8 11. a3 Ba5 12. Bc4 d6 13. Nb5 Bxd2+ 14. Rxd2 Rd8 15. Rhd1 Be6 16. Rxd6 Rxd6 17. Nxd6 Bxc4 18. f4 Qe6 19. f5 Qe5 20. Nxc4 Qxh2 21. e5 Ng4 22. Qg5 Qh6 23. Qxh6 Nxh6 24. Ne3 Kf8 25. g4 Re8 26. Rd5 b6 27. Kd2 Ng8 28. Kd3 Ne7 29. Rd6 Rc8 30. Ke4 Ke8 31. f6 gxf6 32. exf6 Nc6 33. Nf5 Nd4 34. Rxd4 cxd4 35. Nd6+ Kd7 36. Nxc8 Kxc8 37. Kxd4 Kd7 38. Kd5 1-0

[Event "Sao Paulo Mario Covas 2nd"]
[Site "Sao Paulo"]
[Date "2002.02.21"]
[Round "2"]
[White "Zarnicki, Pablo"]
[Black "Sega, Carlos Alberto"]
[Result "1/2-1/2"]
[WhiteElo "2493"]
[BlackElo "2291"]
[PlyCount "45"]
[EventDate "2002.02.20"]
[Source "ChessBase"]
[SourceDate "2002.03.21"]

1. e4 e5 2. Nf3 Nc6 3. Nc3 Nf6 4. d4 Bb4 5. Nxe5 Nxe4 6. Qf3 Nf6 7. Be3 O-O 8. Bd3 Qe7 9. Nxc6 dxc6 10. O-O h6 11. Rfe1 Be6 12. Bf4 Rfe8 13. Bf5 Qd7 14. Bxe6 Rxe6 15. Rxe6 Qxe6 16. Bxc7 Re8 17. h3 Bxc3 18. bxc3 Nd5 19. Be5 f6 20. Bg3 Qe2 21. Qxe2 Rxe2 22. c4 Nc3 23. Bb8 1/2-1/2

[Event "Valle d'Aosta op 9th"]
[Site "Saint Vincent"]
[Date "2001.02.04"]
[Round "2"]
[White "Ripari, Marcelo"]
[Black "Godena, Michele"]
[Result "1/2-1/2"]
[WhiteElo "2301"]
[BlackElo "2474"]
[PlyCount "47"]
[EventDate "2001.02.03"]
[Source "ChessBase"]
[SourceDate "2001.03.08"]

1. e4 e5 2. Nf3 Nc6 3. Nc3 Nf6 4. d4 Bb4 5. Nxe5 Bxc3+ 6. bxc3 Qe7 7. Nxc6 Qxe4+ 8. Qe2 dxc6 9. f3 Qxe2+ 10. Bxe2 Bf5 11. Bd3 Bxd3 12. cxd3 O-O-O 13. Ba3 Rhe8+ 14. Kd2 Rd5 15. Bb2 Rg5 16. g3 Rf5 17. Rhf1 h5 18. Rae1 Rxe1 19. Kxe1 Ra5 20. a3 Rb5 21. Rf2 Kd7 22. Re2 Rf5 23. Kf2 Rb5 24. Ke1 1/2-1/2

[Event "Chigorin mem"]
[Site "St Petersburg"]
[Date "1998.11.02"]
[Round "3"]
[White "Potkin, Vladimir"]
[Black "Yandemirov, Valeri"]
[Result "1/2-1/2"]
[WhiteElo "2300"]
[BlackElo "2470"]
[PlyCount "94"]
[EventDate "1998.10.31"]
[Source "ChessBase"]
[SourceDate "1999.01.01"]

1. e4 e5 2. Nf3 Nc6 3. Nc3 Nf6 4. d4 Bb4 5. Nxe5 Qe7 6. Qd3 Bxc3+ 7. Qxc3 Nxe4 8. Qe3 Nd6 9. Bd3 f6 10. Nxc6 dxc6 11. Qxe7+ Kxe7 12. Bf4 Be6 13. O-O-O Kd7 14. f3 Rae8 15. Rhe1 Bf5 16. Bf1 Rxe1 17. Rxe1 Re8 18. Rxe8 Nxe8 19. Kd2 Nd6 20. c4 Be6 21. Kc3 Nf5 22. b3 a6 23. Kd3 Nd6 24. Kc3 Nf5 25. Bd2 Nd6 26. Be2 Bf5 27. Bf4 Bg6 28. a4 Bb1 29. Bf1 Bg6 30. a5 Bb1 31. Kb2 Bg6 32. Kc3 Bb1 33. g3 Bf5 34. h4 Be6 35. Bd3 h6 36. h5 Nf7 37. Kd2 Ng5 38. Ke2 Nf7 39. g4 Nd6 40. Ke3 Bg8 41. Bg6 b5 42. Bxd6 cxd6 43. cxb5 cxb5 44. b4 Be6 45. Kf4 d5 46. Bf5 Kd6 47. Bg6 Ke7 1/2-1/2

[Event "It (a)"]
[Site "?"]
[Date "2002.??.??"]
[Round "8"]
[White "Kim Alexey"]
[Black "Ovod Evgenija"]
[Result "1-0"]
[WhiteElo "2414"]
[BlackElo "2355"]
[PlyCount "113"]
[EventDate "2002.??.??"]
[Source "www.chesslib.no"]
[SourceDate "2004.05.04"]

1. e4 e5 2. Nf3 Nc6 3. Nc3 Nf6 4. d4 Bb4 5. Nxe5 Nxe4 6. Qg4 Nxc3 7. Qxg7 Rf8 8. a3 Ba5 9. Nxc6 dxc6 10. Qe5+ Qe7 11. Qxe7+ Kxe7 12. Bd2 Bf5 13. Bxc3 Bxc3+ 14. bxc3 Bxc2 15. Kd2 Bg6 16. h4 h5 17. Rh3 Rad8 18. Re1+ Kd7 19. Re5 b6 20. Rg5 Ke7 21. Re3+ Kf6 22. Bd3 Bxd3 23. Kxd3 Rg8 24. Rf3+ Ke7 25. Re5+ Kf8 26. g3 Rd5 27. Rxd5 cxd5 28. Rf5 Rh8 29. Rxd5 Ke7 30. Ke4 c6 31. Re5+ Kf6 32. Kf4 a5 33. c4 a4 34. Ke4 Kg7 35. d5 cxd5+ 36. cxd5 b5 37. d6 b4 38. axb4 Ra8 39. d7 Rd8 40. Rd5 a3 41. Ra5 Rxd7 42. Rxa3 Rd2 43. Rb3 Rxf2 44. b5 Re2+ 45. Kf3 Re7 46. b6 Rb7 47. Ke4 Kf6 48. Kd5 Kf5 49. Kc6 Rb8 50. b7 Kg4 51. Kc7 Rf8 52. b8=Q Rxb8 53. Kxb8 f5 54. Kc7 f4 55. gxf4 Kxh4 56. Kd6 Kg4 57. Ke5 1-0

[Event "Oberliga Ost-B 9899"]
[Site "?"]
[Date "1999.??.??"]
[Round "?"]
[White "Euler Gerd"]
[Black "Bewersdorff Oliver"]
[Result "1-0"]
[WhiteElo "2385"]
[BlackElo "2380"]
[PlyCount "71"]
[EventDate "1999.??.??"]
[Source "www.chesslib.no"]
[SourceDate "2004.05.04"]

1. e4 e5 2. Nf3 Nc6 3. Nc3 Nf6 4. d4 Bb4 5. Nxe5 Nxe4 6. Qg4 Nxc3 7. Qxg7 Rf8 8. a3 Nxd4 9. axb4 Nxc2+ 10. Kd2 Nxa1 11. Kxc3 Qe7 12. Bc4 d5 13. Bb5+ Kd8 14. Nxf7+ Rxf7 15. Qg8+ Rf8 16. Qxf8+ Qxf8 17. Bg5+ Qe7 18. Re1 d4+ 19. Kc4 c6 20. Rxe7 cxb5+ 21. Kd5 h6 22. Bh4 d3 23. Kd6 Bd7 24. Rxd7+ Ke8 25. Ke6 Rc8 26. Rxd3 Rc6+ 27. Kf5 Rc4 28. Bf6 Rxb4 29. Rd8+ Kf7 30. Rd7+ Ke8 31. Re7+ Kf8 32. Rxb7 Ra4 33. Ke6 Re4+ 34. Be5 Kg8 35. Rg7+ Kf8 36. Rh7 1-0

[Event "BUL Ch"]
[Site "Bulgaria"]
[Date "1995.??.??"]
[Round "?"]
[White "Todorov, Todor"]
[Black "Delchev, Aleksander"]
[Result "1-0"]
[WhiteElo "2315"]
[BlackElo "2450"]
[PlyCount "57"]
[EventDate "1995.??.??"]
[Source "www.chesslib.no"]
[SourceDate "2004.05.04"]

1. e4 e5 2. Nf3 Nc6 3. Nc3 Nf6 4. d4 Bb4 5. Nxe5 O-O 6. Qd3 Re8 7. Bd2 Nxd4 8. Qxd4 c5 9. Qd3 Rxe5 10. O-O-O d5 11. Nxd5 Nxd5 12. Bxb4 cxb4 13. f4 Re7 14. Qxd5 Rd7 15. Qh5 Qc7 16. g3 Rxd1+ 17. Qxd1 Be6 18. Kb1 a5 19. Bd3 a4 20. f5 Bd7 21. Qd2 Qc5 22. Qf4 b3 23. Rd1 bxa2+ 24. Kxa2 a3 25. b3 Bc6 26. Bc4 Rc8 27. f6 g5 28. Qg4 Re8 29. Rd5 1-0

[Event "Open FIDE"]
[Site "?"]
[Date "1999.04.24"]
[Round "8"]
[White "Afek Yochanan K"]
[Black "Shirazi Kamran G"]
[Result "1-0"]
[WhiteElo "2362"]
[BlackElo "2403"]
[PlyCount "69"]
[EventDate "1999.??.??"]
[Source "www.chesslib.no"]
[SourceDate "2004.05.04"]

1. e4 e5 2. Nf3 Nc6 3. Nc3 Nf6 4. d4 Bb4 5. Nxe5 Qe7 6. Qd3 Nxe5 7. dxe5 Qxe5 8. Bd2 O-O 9. O-O-O Bxc3 10. Bxc3 Qf4+ 11. Rd2 d5 12. exd5 Re8 13. b3 Ne4 14. Qd4 Qh6 15. Bb5 c6 16. dxc6 bxc6 17. Bxc6 Nxd2 18. Kb2 Ba6 19. Bxa8 Nc4+ 20. bxc4 Rxa8 21. c5 Rb8+ 22. Ka1 Qg6 23. Rd1 Re8 24. Qa4 Rf8 25. c6 Be2 26. Rd2 Bg4 27. c7 Be6 28. Rd8 f5 29. Qc6 Kf7 30. Rxf8+ Kxf8 31. c8=Q+ Bxc8 32. Qxc8+ Ke7 33. Bb4+ Kf6 34. Qa6+ Kg5 35. Qxg6+ 1-0

[Event "AZE-ch"]
[Site "?"]
[Date "2001.??.??"]
[Round "?"]
[White "Bayramov Vougar"]
[Black "Mamedyarov Shakhriyar"]
[Result "0-1"]
[WhiteElo "2281"]
[BlackElo "2479"]
[PlyCount "92"]
[EventDate "2001.??.??"]
[Source "www.chesslib.no"]
[SourceDate "2004.05.04"]

1. e4 e5 2. Nf3 Nc6 3. Nc3 Nf6 4. d4 Bb4 5. Nxe5 Qe7 6. Nxc6 Qxe4+ 7. Qe2 Bxc3+ 8. bxc3 dxc6 9. Qxe4+ Nxe4 10. Bb2 Be6 11. Bd3 Nd6 12. O-O O-O-O 13. Ba3 Nc4 14. Bc1 Rhe8 15. Re1 Nd6 16. Bg5 f6 17. Bf4 g6 18. h4 Kd7 19. f3 Bf5 20. Bxd6 Kxd6 21. Bxf5 gxf5 22. c4 b5 23. Kf2 bxc4 24. Kg3 Rxe1 25. Rxe1 Rg8+ 26. Kh3 Rb8 27. Kg3 Rb2 28. c3 Rxa2 29. Kf4 Rxg2 30. Kxf5 Rf2 31. Re3 a5 32. Kxf6 a4 33. h5 a3 34. h6 a2 35. Re6+ Kd7 36. Re7+ Kd8 37. Re1 Rxf3+ 38. Kg7 Rxc3 39. Kxh7 Ra3 40. Ra1 c3 41. Kg7 c2 42. h7 Rg3+ 43. Kf6 Rh3 44. Ke5 Rxh7 45. Ke4 Rh3 46. Rg1 Rc3 0-1

[Event "ch-ISL"]
[Site "Hafnarborg"]
[Date "2003.08.26"]
[Round "3"]
[White "Gunnarsson, Jon Viktor"]
[Black "Thorfinnsson, Bjorn"]
[Result "1-0"]
[WhiteElo "2411"]
[BlackElo "2349"]
[PlyCount "43"]
[EventDate "2003.08.24"]
[Source "Roberto Alvarez"]
[SourceDate "2003.10.06"]

1. e4 e5 2. Nf3 Nc6 3. Nc3 Nf6 4. d4 Bb4 5. Nxe5 Nxe4 6. Qg4 Nxc3 7. Qxg7 Rf8 8. a3 Nxd4 9. axb4 Nf5 10. Qxh7 Qf6 11. Ng4 Qd4 12. bxc3 Qxc3+ 13. Kd1 d5 14. Bb5+ Kd8 15. Bg5+ Ne7 16. Bxe7+ Kxe7 17. Re1+ Kd8 18. Qh4+ f6 19. Qxf6+ Qxf6 20. Nxf6 c6 21. Nxd5 Rxf2 22. Nb6 1-0

[Event "ISR-chT"]
[Site "Israel"]
[Date "1996.??.??"]
[Round "9"]
[White "Afek, Yochanan"]
[Black "Grinshpun, Eduard"]
[Result "0-1"]
[WhiteElo "2395"]
[BlackElo "2355"]
[PlyCount "66"]
[EventDate "1996.??.??"]
[Source "ChessBase"]

1. e4 e5 2. Nf3 Nc6 3. Nc3 Nf6 4. d4 Bb4 5. Nxe5 Qe7 6. Qd3 Nxe5 7. dxe5 Qxe5 8. Bd2 O-O 9. O-O-O d6 10. Re1 Bd7 11. f4 Qe6 12. a3 Bxc3 13. Bxc3 Rfe8 14. f5 Qe7 15. Qg3 Bc6 16. Bc4 Nh5 17. Qf3 Nf6 18. Qg3 Nh5 19. Qh3 Nf6 20. e5 dxe5 21. Rxe5 Qxe5 22. Bxe5 Rxe5 23. Rd1 Ne4 24. g4 Nd6 25. Bb3 Rae8 26. Qh4 a6 27. a4 Ne4 28. Rd8 Nd6 29. Rxe8+ Rxe8 30. f6 gxf6 31. Qxf6 Re1+ 32. Kd2 Ne4+ 33. Kxe1 Nxf6 0-1

[Event "Chigorin mem open"]
[Site "?"]
[Date "1997.11.09"]
[Round "9"]
[White "Vunder Andrei"]
[Black "Jakovenko Dmitry"]
[Result "1/2-1/2"]
[WhiteElo "2315"]
[BlackElo "2420"]
[PlyCount "93"]
[EventDate "1997.??.??"]
[Source "www.chesslib.no"]
[SourceDate "2004.05.04"]

1. e4 e5 2. Nf3 Nc6 3. Nc3 Nf6 4. d4 Bb4 5. Nxe5 Nxe4 6. Qg4 Nxc3 7. Qxg7 Rf8 8. a3 Ba5 9. Nxc6 dxc6 10. Qe5+ Qe7 11. Qxe7+ Kxe7 12. Bd2 Bf5 13. Bxc3 Bxc3+ 14. bxc3 Bxc2 15. Kd2 Bg6 16. h4 c5 17. Re1+ Kf6 18. g4 h5 19. gxh5 Bf5 20. Bh3 cxd4 21. cxd4 Bh7 22. Re3 Rad8 23. Rf3+ Kg7 24. Rg1+ Kh8 25. Kc3 Rd5 26. Rg5 f5 27. Re3 c5 28. Re7 Rxd4 29. Rgg7 Bg8 30. Rg6 Bd5 31. Rh6+ Kg8 32. Rg6+ Kh8 33. Rh6+ Kg8 34. Rhh7 Rc4+ 35. Kb2 Rf7 36. Rhxf7 Bxf7 37. Bxf5 Rf4 38. Bg6 Rxf2+ 39. Kc3 b6 40. Rxa7 Rf6 41. Ra8+ Kg7 42. Ra7 Kg8 43. Ra6 Bxg6 44. hxg6 Rxg6 45. h5 Rf6 46. a4 Kg7 47. a5 1/2-1/2

[Event "Bozen op"]
[Site "Bozen"]
[Date "1998.06.18"]
[Round "7"]
[White "Hamdouchi, Hichem"]
[Black "Trabert, Bettina"]
[Result "1/2-1/2"]
[WhiteElo "2535"]
[BlackElo "2200"]
[PlyCount "100"]
[EventDate "1998.06.13"]
[Source "ChessBase"]
[SourceDate "1998.09.09"]

1. e4 e5 2. Nf3 Nc6 3. Nc3 Nf6 4. d4 Bb4 5. Nxe5 Qe7 6. Qd3 Nxd4 7. Qxd4 c5 8. Qe3 Qxe5 9. Bd2 d5 10. exd5 Qxe3+ 11. fxe3 O-O 12. Bc4 Bf5 13. O-O-O Rad8 14. h3 a6 15. a3 Ba5 16. a4 Bg6 17. Rhe1 Rfe8 18. Re2 Bb4 19. Be1 Rd7 20. Ba2 h6 21. g4 Kh7 22. Nb1 Bxe1 23. Rexe1 Ne4 24. Rf1 Nf6 25. Rf3 Be4 26. Rf4 Bg6 27. h4 Rxe3 28. h5 Be4 29. Nc3 Bf3 30. Rg1 Bxd5 31. Nxd5 Nxd5 32. Rf5 Nf6 33. g5 hxg5 34. Rfxg5 Ne8 35. Rxc5 Re2 36. b4 Rh2 37. Rf1 Rh4 38. a5 Nf6 39. Bc4 Nxh5 40. Bxf7 Nf6 41. Be6 Re7 42. Bf5+ Kh6 43. Rc8 Rxb4 44. Rg1 g5 45. Rh8+ Kg7 46. Rh2 g4 47. Rhg2 Re5 48. Bxg4 Rxa5 49. Be2+ Kf8 50. Kd2 Rd4+ 1/2-1/2

[Event "Bundesliga 8990"]
[Site "Germany"]
[Date "1990.??.??"]
[Round "?"]
[White "Ostermeyer, Peter"]
[Black "Neunhoeffer, Helmut"]
[Result "1/2-1/2"]
[WhiteElo "2465"]
[BlackElo "2265"]
[PlyCount "81"]
[EventDate "1989.10.??"]
[Source "ChessBase"]
[SourceDate "1999.07.01"]

1. e4 e5 2. Nf3 Nc6 3. Nc3 Nf6 4. d4 Bb4 5. Nxe5 Qe7 6. Qd3 Nxd4 7. Qxd4 Bc5 8. Qd3 Qxe5 9. f4 Qd4 10. Qxd4 Bxd4 11. e5 Bxc3+ 12. bxc3 Ne4 13. c4 b6 14. Be3 Bb7 15. Bd3 O-O-O 16. O-O-O Nc3 17. Rd2 Nxa2+ 18. Kb2 Nb4 19. Bf5 Bc6 20. c3 Na6 21. Ra1 Kb7 22. Rad1 d6 23. exd6 Rxd6 24. Rxd6 cxd6 25. Rxd6 Re8 26. Bd4 f6 27. g4 Re2+ 28. Ka3 Kc7 29. Re6 Rxe6 30. Bxe6 Bd7 31. Bg8 Bxg4 32. Bxh7 Nc5 33. h4 Bh5 34. Bg8 Nd3 35. Be3 Kd6 36. Bd5 Bg4 37. Be4 Nc5 38. Bd5 Bd7 39. Kb4 Nd3+ 40. Ka3 Nc5 41. Bf3 1/2-1/2

[Event "AUS Ch"]
[Site "Sydney AUS"]
[Date "1995.??.??"]
[Round "6"]
[White "Gluzman, Mikhail"]
[Black "Shaw, Terrey I"]
[Result "1-0"]
[WhiteElo "2430"]
[BlackElo "2300"]
[PlyCount "33"]
[EventDate "1995.??.??"]
[Source "www.chesslib.no"]
[SourceDate "2004.05.04"]

1. e4 e5 2. Nf3 Nc6 3. Nc3 Nf6 4. d4 Bb4 5. Nxe5 Qe7 6. Nxc6 Qxe4+ 7. Be2 Qxc6 8. O-O Bxc3 9. bxc3 Qxc3 10. Rb1 O-O 11. d5 Qe5 12. c4 d6 13. Rb3 Re8 14. Re1 Ng4 15. Rg3 Bf5 16. Bd2 Qd4 17. Bxg4 1-0

[Event "ROM Ch"]
[Site "Bucharest ROM"]
[Date "1994.??.??"]
[Round "5"]
[White "Ardeleanu, Alin"]
[Black "Cozianu, Costin"]
[Result "1/2-1/2"]
[WhiteElo "2370"]
[BlackElo "2355"]
[PlyCount "55"]
[EventDate "1994.11.??"]
[Source "www.chesslib.no"]
[SourceDate "2004.05.04"]

1. e4 e5 2. Nf3 Nc6 3. Nc3 Nf6 4. d4 Bb4 5. Nxe5 O-O 6. Bd3 Nxd4 7. Be3 Ne6 8. Ng4 d5 9. Nxf6+ Qxf6 10. O-O Bxc3 11. bxc3 dxe4 12. Bxe4 Qxc3 13. Rb1 c6 14. Qh5 g6 15. Qh6 f5 16. Bf3 f4 17. Bc1 Qg7 18. Qxg7+ Kxg7 19. Re1 h5 20. h4 Rf5 21. a4 a5 22. Ba3 Rf7 23. Re4 Nc7 24. Rbe1 Bd7 25. Bd6 Nd5 26. c4 Nb4 27. Re7 Raf8 28. R1e2 1/2-1/2

[Event "Oakham"]
[Site "Oakham"]
[Date "1992.??.??"]
[Round "4"]
[White "Topakian, Raffi"]
[Black "Svidler, Peter"]
[Result "1/2-1/2"]
[WhiteElo "2255"]
[BlackElo "2465"]
[PlyCount "36"]
[EventDate "1992.03.??"]
[Source "ChessBase"]

1. e4 e5 2. Nf3 Nc6 3. Nc3 Nf6 4. d4 Bb4 5. Nxe5 Qe7 6. Qd3 Nxe5 7. dxe5 Qxe5 8. Bd2 O-O 9. O-O-O Bxc3 10. Bxc3 Qf4+ 11. Rd2 d5 12. Bxf6 dxe4 13. g3 Qf5 14. Qd4 Qxf6 15. Qxe4 Be6 16. Bd3 g6 17. Bc4 Rae8 18. Rhd1 Kg7 1/2-1/2

[Event "Petroff Mem Open"]
[Site "?"]
[Date "2000.02.10"]
[Round "4"]
[White "Frolov Denis"]
[Black "Kuprijanov Ilija"]
[Result "1-0"]
[WhiteElo "2428"]
[BlackElo "2290"]
[PlyCount "29"]
[EventDate "2000.??.??"]
[Source "www.chesslib.no"]
[SourceDate "2004.05.04"]

1. e4 e5 2. Nf3 Nc6 3. Nc3 Nf6 4. d4 Bb4 5. Nxe5 Nxe5 6. dxe5 Nxe4 7. Qg4 d5 8. Qxg7 Rf8 9. a3 Bc5 10. Nxe4 dxe4 11. Bg5 Qd4 12. Bb5+ c6 13. O-O Bd7 14. Rad1 Qxb2 15. e6 1-0

[Event "chT-POL"]
[Site "?"]
[Date "2000.09.04"]
[Round "3"]
[White "Dobrowolski Piotr"]
[Black "Dubiel Jacek"]
[Result "1/2-1/2"]
[WhiteElo "2348"]
[BlackElo "2359"]
[PlyCount "31"]
[EventDate "2000.??.??"]
[Source "www.chesslib.no"]
[SourceDate "2004.05.04"]

1. e4 e5 2. Nf3 Nc6 3. Nc3 Nf6 4. d4 Bb4 5. Nxe5 Nxe4 6. Qg4 Nxc3 7. Qxg7 Rf8 8. a3 Ba5 9. Nxc6 dxc6 10. Qe5+ Qe7 11. Qxe7+ Kxe7 12. Bd2 Bf5 13. bxc3 Bxc2 14. c4 Bxd2+ 15. Kxd2 Bf5 16. Be2 1/2-1/2

[Event "Milan Trofeo Intel Pentium"]
[Site "Milan"]
[Date "2001.07.15"]
[Round "6"]
[White "Valenti, Giuseppe"]
[Black "Godena, Michele"]
[Result "0-1"]
[WhiteElo "2201"]
[BlackElo "2491"]
[PlyCount "92"]
[EventDate "2001.07.10"]
[Source "ChessBase"]
[SourceDate "2001.09.11"]

1. e4 e5 2. Nf3 Nc6 3. Nc3 Nf6 4. d4 Bb4 5. Nxe5 Bxc3+ 6. bxc3 Qe7 7. Nxc6 Qxe4+ 8. Qe2 dxc6 9. f3 Qxe2+ 10. Bxe2 Bf5 11. Kd2 O-O-O 12. Ba3 Rhe8 13. Bd3 Be6 14. Rhe1 Nd5 15. g3 Nb6 16. Bc5 Nc4+ 17. Bxc4 Bxc4 18. a4 b6 19. Be7 Rd5 20. Ba3 Rxe1 21. Kxe1 Rf5 22. Kf2 Bd5 23. f4 g5 24. Bc1 g4 25. Ba3 Rh5 26. Kg1 Be4 27. Re1 Bxc2 28. Bb4 a5 29. Ba3 Rf5 30. Re8+ Kd7 31. Re7+ Kd8 32. Re2 Bxa4 33. Kf2 Bb3 34. Ke3 Bc4 35. Rb2 Kd7 36. Kf2 Ke6 37. Ke3 Kd5 38. Rf2 Ke6 39. Ke4 h5 40. Rb2 Rd5 41. Rf2 Kf6 42. Rd2 Rd8 43. Ke3 Re8+ 44. Kf2 Kf5 45. Rb2 Ke4 46. Rd2 Kd5 0-1

[Event "Bischwiller-B"]
[Site "?"]
[Date "1999.07.08"]
[Round "6"]
[White "Lerch Patrice"]
[Black "Karpatchev Aleksandr"]
[Result "0-1"]
[WhiteElo "2253"]
[BlackElo "2438"]
[PlyCount "98"]
[EventDate "1999.??.??"]
[Source "www.chesslib.no"]
[SourceDate "2004.05.04"]

1. e4 e5 2. Nf3 Nc6 3. Nc3 Nf6 4. d4 Bb4 5. Nxe5 O-O 6. Qd3 Re8 7. f3 d5 8. Nxc6 bxc6 9. e5 c5 10. a3 Ba5 11. dxc5 Rxe5+ 12. Kf2 d4 13. b4 Bf5 14. Ne4 Nxe4+ 15. fxe4 Bxe4 16. Qd1 Qh4+ 17. Kg1 Rf5 18. g3 Qf6 19. Bb2 Rxf1+ 20. Qxf1 Qc6 21. Re1 Bxh1 22. Re7 Rf8 23. Bxd4 Bd5 24. Qf5 Bh1 25. Qf2 Be4 26. c3 Qg6 27. bxa5 Ba8 28. h4 Qc6 29. Kf1 Qh1+ 30. Ke2 Bd5 31. Kd2 Rb8 32. Re1 Qh3 33. Kc1 Qd7 34. Qc2 f6 35. Re3 Bf7 36. Kd2 Bg6 37. Qa2+ Bf7 38. Qc2 Qc6 39. c4 Qg2+ 40. Kc3 Qc6 41. Kd2 Bg6 42. Qd1 h5 43. Re1 Qg2+ 44. Qe2 Qxg3 45. Qe3 Qxh4 46. Rf1 Re8 47. Qf4 Qh3 48. Rf3 Qd7 49. Re3 Rd8 0-1

[Event "Buenos Aires op2"]
[Site "Buenos Aires ARG"]
[Date "1993.??.??"]
[Round "6"]
[White "Ginzburg, Maximiliano"]
[Black "Slipak, Sergio"]
[Result "0-1"]
[WhiteElo "2275"]
[BlackElo "2405"]
[PlyCount "96"]
[EventDate "1993.??.??"]
[Source "www.chesslib.no"]
[SourceDate "2004.05.04"]

1. e4 e5 2. Nf3 Nc6 3. Nc3 Nf6 4. d4 Bb4 5. Nxe5 Nxe4 6. Qg4 Nxc3 7. Qxg7 Rf8 8. a3 Ba5 9. Nxc6 dxc6 10. Qe5+ Qe7 11. Qxe7+ Kxe7 12. Bd2 Bf5 13. Bxc3 Bxc3+ 14. bxc3 Bxc2 15. Kd2 Bf5 16. Re1+ Kd6 17. Re5 Bg6 18. Bc4 Rae8 19. Rhe1 f6 20. Re6+ Rxe6 21. Rxe6+ Kd7 22. Re3 Kd6 23. Re6+ Kd7 24. Re3 a6 25. Be6+ Kd6 26. f4 c5 27. d5 b5 28. f5 Be8 29. Rh3 h5 30. Rg3 a5 31. Rd3 b4 32. cxb4 cxb4 33. axb4 axb4 34. Rd4 Kc5 35. Rh4 Bb5 36. Kc2 Ra8 37. Kb2 Ra3 38. g4 hxg4 39. Rxg4 Rf3 40. Rg2 Bd3 41. h4 Rh3 42. Rg7 Rh2+ 43. Kc1 b3 44. Rxc7+ Kb6 45. Rc6+ Kb5 46. Bd7 b2+ 47. Kd1 b1=Q+ 48. Rc1+ Kb6 0-1

[Event "It"]
[Site "?"]
[Date "2004.12.12"]
[Round "4"]
[White "Ardeleanu Alin"]
[Black "Marjanusic Vladimir"]
[Result "1-0"]
[WhiteElo "2391"]
[BlackElo "2273"]
[PlyCount "99"]
[EventDate "2004.??.??"]
[Source "www.chesslib.no"]
[SourceDate "2004.05.04"]

1. e4 e5 2. Nf3 Nc6 3. Nc3 Nf6 4. d4 Bb4 5. Nxe5 Qe7 6. Qd3 Nxd4 7. Qxd4 Bc5 8. Qd3 Qxe5 9. Be2 O-O 10. f4 Qd4 11. e5 Qxd3 12. Bxd3 Ne8 13. Ne4 Be7 14. Bd2 d6 15. O-O-O dxe5 16. fxe5 Bf5 17. Rhf1 Bg6 18. Bg5 f6 19. exf6 Nxf6 20. Nxf6+ Bxf6 21. Bxf6 gxf6 22. Bc4+ Bf7 23. Rd4 Bxc4 24. Rxc4 Rf7 25. Re4 Rd8 26. Rd1 Rxd1+ 27. Kxd1 Rd7+ 28. Ke2 Kf7 29. Ra4 a6 30. Rh4 Ke6 31. Rh5 Rg7 32. g3 Rd7 33. g4 Re7 34. Kd3 Rg7 35. h3 Kf7 36. Rh6 Ke7 37. Ke4 Ke6 38. a4 Ke7 39. c3 Ke6 40. b4 Ke7 41. Kf5 Rg5+ 42. Kf4 Rg7 43. h4 Kf7 44. c4 Ke7 45. a5 c6 46. Kf5 Rf7 47. c5 Rg7 48. Rxf6 Rxg4 49. Re6+ Kd7 50. Rd6+ 1-0

[Event "AUT Team Ch"]
[Site "Austria"]
[Date "1991.??.??"]
[Round "?"]
[White "Weinzettl, Ernst"]
[Black "Dueckstein, Andreas"]
[Result "1-0"]
[WhiteElo "2285"]
[BlackElo "2375"]
[PlyCount "91"]
[EventDate "1991.??.??"]
[Source "www.chesslib.no"]
[SourceDate "2004.05.04"]

1. e4 e5 2. Nf3 Nc6 3. Nc3 Nf6 4. d4 Bb4 5. Nxe5 Nxe4 6. Qg4 Nxc3 7. Qxg7 Rf8 8. a3 Ba5 9. Nxc6 dxc6 10. Qe5+ Qe7 11. Qxe7+ Kxe7 12. Bd2 Bf5 13. Bxc3 Bxc3+ 14. bxc3 Bxc2 15. Kd2 Bg6 16. h4 Rad8 17. Re1+ Kf6 18. Re5 Rfe8 19. f4 h5 20. Be2 Kg7 21. Bf3 Rxe5 22. fxe5 c5 23. Ke3 cxd4+ 24. cxd4 c6 25. Rc1 f6 26. exf6+ Kxf6 27. Rc5 Re8+ 28. Kd2 Bf5 29. a4 Re7 30. a5 a6 31. Re5 Rg7 32. Kc3 Bg4 33. Kc4 Bxf3 34. gxf3 Rg3 35. Rxh5 Rxf3 36. Kc5 Rb3 37. Kd6 Rb4 38. Kc7 Ke6 39. Re5+ Kf6 40. Rc5 Ke6 41. h5 Rxd4 42. Kxb7 Kd7 43. Rg5 Kd6 44. h6 Rh4 45. Rg6+ Kc5 46. Kxa6 1-0

[Event "It Open"]
[Site "?"]
[Date "2005.04.23"]
[Round "1"]
[White "Parrella Alfredo"]
[Black "Karpatchev Aleksandr"]
[Result "0-1"]
[WhiteElo "2176"]
[BlackElo "2472"]
[PlyCount "102"]
[EventDate "2005.??.??"]
[Source "www.chesslib.no"]
[SourceDate "2004.05.04"]

1. e4 e5 2. Nf3 Nc6 3. Nc3 Nf6 4. d4 Bb4 5. Nxe5 O-O 6. Qd3 Re8 7. Bd2 d5 8. O-O-O Bxc3 9. Bxc3 Nxe5 10. dxe5 Nxe4 11. Qxd5 Qxd5 12. Rxd5 Nxf2 13. Rg1 Ne4 14. Be1 Be6 15. Rd4 Nc5 16. b3 a5 17. Bc3 a4 18. Bc4 axb3 19. axb3 Bxc4 20. Rxc4 Ne6 21. Rd1 Red8 22. Rxd8+ Rxd8 23. Re4 h6 24. Re2 Kh7 25. Rf2 Kg6 26. g4 Rd7 27. Rf5 Nd4 28. Bxd4 Rxd4 29. h3 c6 30. Kb2 Re4 31. Ka3 Re2 32. Kb2 Re3 33. h4 f6 34. exf6 gxf6 35. Rf4 Rh3 36. h5+ Kg5 37. Rf5+ Kxg4 38. Rxf6 Rxh5 39. Rg6+ Kf4 40. Rg7 b5 41. Rh7 b4 42. Rh8 c5 43. Kb1 Rh3 44. Kc1 h5 45. Kd2 Kg3 46. Rg8+ Kh4 47. Rc8 Rc3 48. Rh8 Rg3 49. Rc8 Rc3 50. Rh8 Kg4 51. Rg8+ Kh3 0-1

[Event "AUT Ch"]
[Site "Austria"]
[Date "1987.??.??"]
[Round "12"]
[White "Weinzettl, Ernst"]
[Black "Baumgartner, Heinz"]
[Result "0-1"]
[WhiteElo "2310"]
[BlackElo "2335"]
[PlyCount "62"]
[EventDate "1987.??.??"]
[Source "www.chesslib.no"]
[SourceDate "2004.05.04"]

1. e4 e5 2. Nf3 Nc6 3. Nc3 Nf6 4. d4 Bb4 5. Nxe5 Nxe4 6. Qg4 Nxc3 7. Qxg7 Rf8 8. a3 Ba5 9. Bd3 Nxd4 10. Bd2 Qe7 11. bxc3 Nc6 12. O-O Nxe5 13. Rae1 f6 14. Qxe7+ Kxe7 15. f4 d6 16. fxe5 dxe5 17. Bxh7 Be6 18. Be4 c6 19. Bh6 Rg8 20. Rf3 Bd5 21. h3 b5 22. g4 Rad8 23. g5 fxg5 24. Rg3 Ke6 25. Kh1 Bxe4+ 26. Rxe4 Rd1+ 27. Kh2 Rd2+ 28. Kh1 Rxc2 29. Bxg5 Kf5 30. Reg4 Rxc3 31. Rg2 Rxh3+ 0-1

[Event "POL-chT2"]
[Site "?"]
[Date "1999.??.??"]
[Round "7"]
[White "Szkatula Leszek"]
[Black "Sygulski Boguslaw"]
[Result "0-1"]
[WhiteElo "2295"]
[BlackElo "2346"]
[PlyCount "42"]
[EventDate "1999.??.??"]
[Source "www.chesslib.no"]
[SourceDate "2004.05.04"]

1. e4 e5 2. Nf3 Nc6 3. Nc3 Nf6 4. d4 Bb4 5. Nxe5 Nxe4 6. Qg4 Nxc3 7. Qxg7 Rf8 8. a3 Nxd4 9. axb4 Nxc2+ 10. Kd2 Nxa1 11. Kxc3 a5 12. Bc4 Qe7 13. Re1 d5 14. Bb5+ c6 15. Nxc6 Qxe1+ 16. Bd2 Qe4 17. Ne5+ Bd7 18. Bxd7+ Ke7 19. Bg5+ Kd6 20. Qf6+ Kc7 21. Bf5 axb4+ 0-1